| 000 | 00728cam a2200253 4500 | ||
|---|---|---|---|
| 001 | 4098876 | ||
| 003 | GBCCL | ||
| 005 | 20241126110424.0 | ||
| 008 | 701030s1970 pau 001 0 eng | ||
| 010 | _a 74120333 | ||
| 040 |
_aDLC _cDLC _dDLC |
||
| 050 | 0 | 0 |
_aBT78 _b.C59 1970 |
| 082 | 0 | 0 |
_a230.0464 _a230.08996 _220 _bCON |
| 100 | 1 |
_aCone, James H. _94613 |
|
| 245 | 1 | 2 |
_aA Black theology of liberation _c[by] James H. Cone. |
| 250 | _a[1st ed.] | ||
| 260 |
_aPhiladelphia, _bLippincott _c[1970] |
||
| 300 |
_a254 p. _c21 cm. |
||
| 350 | _a$5.50 | ||
| 440 | 0 |
_aC. Eric Lincoln series in Black religion _94614 |
|
| 650 | 0 |
_aBlack theology. _94615 |
|
| 906 |
_a7 _bcbc _corignew _d2 _encip _f19 _gy-gencatlg |
||
| 942 |
_2ddc _cBK _03 |
||
| 999 |
_c2239 _d2239 |
||